<?xml version="1.0" encoding="UTF-8"?>
<record
    xmlns:xsi="http://www.w3.org/2001/XMLSchema-instance"
    xsi:schemaLocation="http://www.loc.gov/MARC21/slim http://www.loc.gov/standards/marcxml/schema/MARC21slim.xsd"
    xmlns="http://www.loc.gov/MARC21/slim">

  <leader>00908nam a22002657a 4500</leader>
  <controlfield tag="005">20170123162352.0</controlfield>
  <datafield tag="010" ind1=" " ind2=" ">
    <subfield code="a">A-842692</subfield>
  </datafield>
  <datafield tag="020" ind1=" " ind2=" ">
    <subfield code="c">00.00</subfield>
  </datafield>
  <datafield tag="035" ind1=" " ind2=" ">
    <subfield code="a">A-842692</subfield>
  </datafield>
  <datafield tag="037" ind1=" " ind2=" ">
    <subfield code="b">Cen Lib/Ret</subfield>
  </datafield>
  <datafield tag="040" ind1=" " ind2=" ">
    <subfield code="a">DPL</subfield>
    <subfield code="b">UR</subfield>
  </datafield>
  <datafield tag="082" ind1=" " ind2=" ">
    <subfield code="a">239.1</subfield>
    <subfield code="b">&#x6A9; &#x67E; &#x648; </subfield>
  </datafield>
  <datafield tag="100" ind1=" " ind2=" ">
    <subfield code="a">&#x6A9;&#x67E;&#x648;&#x631;&#x60C; &#x62F;&#x631;&#x6CC;&#x627;&#x626;&#x6CC; &#x644;&#x627;&#x644; </subfield>
    <subfield code="9">107824</subfield>
  </datafield>
  <datafield tag="245" ind1=" " ind2=" ">
    <subfield code="a">: &#x641;&#x631;&#x62F;&#x648;&#x633;&#x650; &#x628;&#x631;&#x6CC;&#x646; &#x628;&#x631; &#x631;&#x648;&#x626;&#x6D2; &#x632;&#x645;&#x6CC;&#x6BA;</subfield>
    <subfield code="c">&#x62F;&#x631;&#x6CC;&#x627;&#x626;&#x6CC; &#x644;&#x627;&#x644; &#x6A9;&#x67E;&#x648;&#x631;</subfield>
    <subfield code="b">/ &#x62F;&#x6BE;&#x631;&#x62A;&#x6CC;&#x67E;&#x631; &#x633;&#x648;&#x648;&#x631;&#x6AF; </subfield>
  </datafield>
  <datafield tag="246" ind1=" " ind2=" ">
    <subfield code="a">Firdos-e- breen bar rooie zameen: dharti par suwarg /</subfield>
    <subfield code="b">by Daryai Lal Kapoor </subfield>
  </datafield>
  <datafield tag="260" ind1=" " ind2=" ">
    <subfield code="a">&#x646;&#x6CC; &#x62F;&#x6C1;&#x644;&#x6CC; </subfield>
    <subfield code="b">&#x631;&#x627;&#x62F;&#x6BE;&#x627; &#x633;&#x648;&#x627;&#x645;&#x6CC; &#x633;&#x62A; &#x628;&#x6CC;&#x627;&#x633; &#x67E;&#x646;&#x62C;&#x627;&#x628;  </subfield>
    <subfield code="c">1967</subfield>
  </datafield>
  <datafield tag="270" ind1=" " ind2=" ">
    <subfield code="b">&#x646;&#x6CC; &#x62F;&#x6C1;&#x644;&#x6CC; </subfield>
  </datafield>
  <datafield tag="300" ind1=" " ind2=" ">
    <subfield code="a">341p.</subfield>
    <subfield code="c">24cm(Hb)</subfield>
  </datafield>
  <datafield tag="650" ind1=" " ind2=" ">
    <subfield code="a"> &#x645;&#x630;&#x6C1;&#x628;</subfield>
    <subfield code="v"> </subfield>
    <subfield code="9">137255</subfield>
  </datafield>
  <datafield tag="650" ind1=" " ind2=" ">
    <subfield code="a">&#x633;&#x6A9;&#x6BE; </subfield>
    <subfield code="9">1931</subfield>
  </datafield>
  <datafield tag="650" ind1=" " ind2=" ">
    <subfield code="a">Religion</subfield>
    <subfield code="9">137256</subfield>
  </datafield>
  <datafield tag="650" ind1=" " ind2=" ">
    <subfield code="a">Sikh</subfield>
    <subfield code="9">137257</subfield>
  </datafield>
  <datafield tag="700" ind1=" " ind2=" ">
    <subfield code="a">&#x645;&#x62D;&#x645;&#x62F; &#x647;&#x627;&#x62F;&#x6CC; &#x62D;&#x633;&#x6CC;&#x646;</subfield>
    <subfield code="9">137258</subfield>
  </datafield>
  <datafield tag="942" ind1=" " ind2=" ">
    <subfield code="2">ddc</subfield>
    <subfield code="c">UR</subfield>
    <subfield code="h">239.1</subfield>
    <subfield code="m">&#x6A9; &#x67E; &#x648; </subfield>
  </datafield>
  <datafield tag="999" ind1=" " ind2=" ">
    <subfield code="c">109304</subfield>
    <subfield code="d">109304</subfield>
  </datafield>
  <datafield tag="952" ind1=" " ind2=" ">
    <subfield code="0">0</subfield>
    <subfield code="1">0</subfield>
    <subfield code="4">0</subfield>
    <subfield code="7">0</subfield>
    <subfield code="a">L</subfield>
    <subfield code="b">L</subfield>
    <subfield code="d">2016-03-03</subfield>
    <subfield code="e">Cen Lib/Ref</subfield>
    <subfield code="g">0.00</subfield>
    <subfield code="l">0</subfield>
    <subfield code="o">239.1 &#x6A9; &#x67E; &#x648;</subfield>
    <subfield code="p">Cen Lib/Ref</subfield>
    <subfield code="r">2016-03-03 00:00:00</subfield>
    <subfield code="t">00.00</subfield>
    <subfield code="w">2016-03-03</subfield>
    <subfield code="y">UR</subfield>
  </datafield>
</record>
